La torre y la isla / (رقم التسجيلة. 124842)

تفاصيل مارك
000 -LEADER
fixed length control field 00895cam a2200289 a 4500
008 - FIXED-LENGTH DATA ELEMENTS--GENERAL INFORMATION
fixed length control field 120401s2006 sp 000 0 spa d
020 ## - INTERNATIONAL STANDARD BOOK NUMBER
International Standard Book Number 9788466752169
040 ## - CATALOGING SOURCE
Original cataloging agency EG-GiCUC
Language of cataloging spa
Transcribing agency EG-GiCUC
050 00 - LIBRARY OF CONGRESS CALL NUMBER
Classification number PQ6653.O47285
Item number T67 2006
092 04 - LOCALLY ASSIGNED DEWEY CALL NUMBER (OCLC)
Classification number 863.64
Item number C747t 2006
Edition number 21
099 ## - LOCAL FREE-TEXT CALL NUMBER (OCLC)
Classification number 04
-- 863.64 C747t 2006
100 1# - MAIN ENTRY--PERSONAL NAME
Personal name Conejo, Ana Isabel,
Dates associated with a name 1970-
245 13 - TITLE STATEMENT
Title La torre y la isla /
Statement of responsibility, etc. Ana Alonso y Javier Pelegrín.
250 ## - EDITION STATEMENT
Edition statement 2{u00AA} ed.
260 ## - PUBLICATION, DISTRIBUTION, ETC.
Place of publication, distribution, etc. Madrid :
Name of publisher, distributor, etc. Anaya,
Date of publication, distribution, etc. 2006.
300 ## - PHYSICAL DESCRIPTION
Extent 379 p. ;
Dimensions 21 cm.
490 0# - SERIES STATEMENT
Series statement La llave del tiempo ;
Volume/sequential designation 1.
600 10 - SUBJECT ADDED ENTRY--PERSONAL NAME
Personal name Conejo, Ana Isabel,
Dates associated with a name 1970-
650 #0 - SUBJECT ADDED ENTRY--TOPICAL TERM
Topical term or geographic name entry element Spanish fiction
Chronological subdivision 21st century.
700 1# - ADDED ENTRY--PERSONAL NAME
Personal name Pelegrín, Javier,
Dates associated with a name 1967-
830 #0 - SERIES ADDED ENTRY--UNIFORM TITLE
Uniform title La llave del tiempo ;
Volume/sequential designation 1.
902 ## - LOCAL DATA ELEMENT B, LDB (RLIN)
No. of Items 1
905 ## - LOCAL DATA ELEMENT E, LDE (RLIN)
Cataloger Jamal
Reviser Cat.
905 ## - LOCAL DATA ELEMENT E, LDE (RLIN)
Cataloger Jihan
Reviser Rev.
942 ## - ADDED ENTRY ELEMENTS (KOHA)
Source of classification or shelving scheme Dewey Decimal Classification
Koha item type Books
المقتنيات
Source of classification or shelving scheme Not for loan Home library Current library Date acquired Full call number Barcode Date last seen Copy number Koha item type
Dewey Decimal Classification   المكتبة المركزبة الجديدة - جامعة القاهرة قاعة الثقاقات الاجنبية - الدور الثالث 11.02.2024 863.64 C747t 2006 Spa. 01000116001094000 05.07.2024 C.1 Books
Cairo University Libraries Portal Implemented & Customized by: Eng. M. Mohamady Contacts: new-lib@cl.cu.edu.eg | cnul@cl.cu.edu.eg
CUCL logo CNUL logo
© All rights reserved — Cairo University Libraries
CUCL logo
Implemented & Customized by: Eng. M. Mohamady Contact: new-lib@cl.cu.edu.eg © All rights reserved — New Central Library
CNUL logo
Implemented & Customized by: Eng. M. Mohamady Contact: cnul@cl.cu.edu.eg © All rights reserved — Cairo National University Library